000 00538nam a22001937a 4500
005 20260515114923.0
008 220621b ||||| |||| 00| 0 eng d
020 _a9788126719723
040 _aIN-DiNC
_cIN-DiNC
041 _dhin
082 _a891.433
_bREN
100 _aRenu, Fanishwarnath
_eauthor
245 _aSampurna kahaniyan/
_cby Fanishwarnath Renu
250 _a4th ed.
260 _aNew Delhi:
_bRajkamal prakashan,
_c2018
300 _a584p.
650 _aA collection of stories by Fanishwarnath Renu
942 _2ddc
_cBK
999 _c11324
_d11324